[Event "HUN-chT4a 1819"]
[Site "Hungary"]
[Date "2019.01.12"]
[Round "5.5"]
[White "Molnar, Imre2222"]
[Black "Petrecz, Akos"]
[Result "1/2-1/2"]
[WhiteElo "1124"]
[BlackElo "1374"]
[PlyCount "89"]
[EventDate "2018.10.06"]
[EventType "team-tourn"]
[EventRounds "9"]
[EventCountry "HUN"]
[SourceTitle "EXT 2020"]
[Source "ChessBase"]
[SourceDate "2019.10.17"]
[SourceVersion "1"]
[SourceVersionDate "2019.10.17"]
[SourceQuality "1"]
[WhiteTeam "Janossomorja"]
[BlackTeam "Gyor Szimultan"]
[WhiteTeamCountry "HUN"]
[BlackTeamCountry "HUN"]

1. e4 d5 2. exd5 Nf6 3. c4 c6 4. dxc6 Nxc6 5. Nc3 e5 6. d3 Bf5 7. Bg5 Be7 8. Bxf6 Bxf6 9. Qf3 Bg6 10. Nd5 Be7 11. Ne2 0-0 12. g3 Bb4+ 13. Nec3 Nd4 14. Qd1 Ba5 15. Bg2 Re8 16. 0-0 Rc8 17. Be4 f5 18. Bg2 Bc7 19. Nxc7 Qxc7 20. Bd5+ Bf7 21. Bxf7+ Qxf7 22. Nd5 f4 23. Qg4 f3 24. h4 Qe6 25. Qxe6+ Rxe6 26. Rfe1 Nc2 27. Rac1 Nxe1 28. Rxe1 Kf7 29. b4 e4 30. Nf4 Ree8 31. dxe4 Rxc4 32. Re3 Rcxe4 33. Rxf3 Kg8 34. a3 Rd8 35. Nh3 h6 36. Nf4 Re1+ 37. Kg2 Rf8 38. h5 Rd1 39. Re3 Kf7 40. Ng6 Re8 41. Rf3+ Ke6 42. Nf8+ Ke7 43. Ng6+ Kd8 44. Rf7 Rd7 45. Rf3 1/2-1/2

[Event "HUN-chT4a 1819"]
[Site "Hungary"]
[Date "2018.10.06"]
[Round "1.3"]
[White "Konczol, Tamas"]
[Black "Petrecz, Akos"]
[Result "1-0"]
[WhiteElo "1572"]
[BlackElo "1362"]
[PlyCount "47"]
[EventDate "2018.10.06"]
[EventType "team-tourn"]
[EventRounds "9"]
[EventCountry "HUN"]
[SourceTitle "EXT 2020"]
[Source "ChessBase"]
[SourceDate "2019.10.17"]
[SourceVersion "1"]
[SourceVersionDate "2019.10.17"]
[SourceQuality "1"]
[WhiteTeam "Lovo Sopron"]
[BlackTeam "Gyor Szimultan"]
[WhiteTeamCountry "HUN"]
[BlackTeamCountry "HUN"]

1. e4 e5 2. f4 exf4 3. Bc4 Qh4+ 4. Kf1 Nc6 5. d4 d6 6. c3 Bd7 7. Qb3 0-0-0 8. Bxf7 Nf6 9. Nd2 Ng4 10. Nh3 Ne3+ 11. Ke2 Qg4+ 12. Nf3 Qxg2+ 13. Nf2 Ng4 14. Rf1 Nxf2 15. Rxf2 Qh3 16. Bxf4 g6 17. d5 Ne7 18. Rg1 Bh6 19. Bxh6 Qxh6 20. Ng5 Rhf8 21. Ne6 Bxe6 22. dxe6 Qh5+ 23. Ke3 d5 24. Qa3 1-0

[Event "HUN-chT4 1718"]
[Site "Hungary"]
[Date "2018.04.14"]
[Round "7.8"]
[White "Balint, Laszlo"]
[Black "Petrecz, Akos"]
[Result "1-0"]
[WhiteElo "1538"]
[BlackElo "1300"]
[PlyCount "49"]
[EventDate "2017.10.28"]
[EventType "team-tourn"]
[EventRounds "9"]
[EventCountry "HUN"]
[SourceTitle "EXT 2020"]
[Source "ChessBase"]
[SourceDate "2019.10.17"]
[SourceVersion "1"]
[SourceVersionDate "2019.10.17"]
[SourceQuality "1"]

1. d4 d5 2. c4 dxc4 3. Nc3 Nf6 4. Nf3 Bf5 5. e3 e6 6. Bxc4 Nbd7 7. 0-0 Bb4 8. h3 0-0 9. Nh4 Bg6 10. Nxg6 hxg6 11. Qb3 Bxc3 12. bxc3 Nb6 13. Be2 Qd7 14. Bf3 c6 15. a4 a5 16. Qxb6 Nd5 17. Qb3 Rfd8 18. Ba3 Qc7 19. Bxd5 Rxd5 20. Rab1 Rb8 21. e4 Rd7 22. e5 Qd8 23. Bd6 Rxd6 24. exd6 Qxd6 25. Rfe1 1-0

[Event "Gyor Amateur op 11th"]
[Site "Gyor"]
[Date "2018.01.07"]
[Round "6"]
[White "Csidey, Csongor"]
[Black "Petrecz, Akos"]
[Result "0-1"]
[WhiteElo "1196"]
[BlackElo "1288"]
[PlyCount "52"]
[EventDate "2018.01.06"]
[EventType "swiss"]
[EventRounds "6"]
[EventCountry "HUN"]
[SourceTitle "EXT 2019"]
[Source "ChessBase"]
[SourceDate "2018.10.10"]
[SourceVersion "1"]
[SourceVersionDate "2018.10.10"]
[SourceQuality "1"]

1. e4 d5 2. exd5 Nf6 3. Nc3 Nxd5 4. Nxd5 Qxd5 5. d4 Nc6 6. Nf3 Bf5 7. c3 e6 8. Bf4 0-0-0 9. Bd3 Bg6 10. Qe2 Be7 11. Bc4 Qf5 12. b4 Qxf4 13. a4 a5 14. b5 Nb8 15. Qb2 b6 16. 0-0 Bd6 17. Rfc1 Be4 18. Be2 Bxf3 19. Bxf3 Qxh2+ 20. Kf1 h5 21. c4 c5 22. Qc2 cxd4 23. c5 Bxc5 24. Qe4 Qc7 25. Rxc5 bxc5 26. Rb1 Qb6 0-1

[Event "Gyor Amateur op 11th"]
[Site "Gyor"]
[Date "2018.01.07"]
[Round "4"]
[White "Gergely, Daniel"]
[Black "Petrecz, Akos"]
[Result "1/2-1/2"]
[WhiteElo "1168"]
[BlackElo "1288"]
[PlyCount "81"]
[EventDate "2018.01.06"]
[EventType "swiss"]
[EventRounds "6"]
[EventCountry "HUN"]
[SourceTitle "EXT 2019"]
[Source "ChessBase"]
[SourceDate "2018.10.10"]
[SourceVersion "1"]
[SourceVersionDate "2018.10.10"]
[SourceQuality "1"]

1. d4 d5 2. Nf3 Nc6 3. Bf4 Nf6 4. g3 Bf5 5. Nc3 e6 6. Bg2 Bd6 7. Bxd6 Qxd6 8. 0-0 0-0 9. Qd2 a6 10. a3 h6 11. Rfe1 Rad8 12. Rad1 Rfe8 13. b4 b5 14. e3 Bh7 15. Rc1 Ne4 16. Nxe4 Bxe4 17. Qe2 e5 18. dxe5 Nxe5 19. Nxe5 Qxe5 20. Bxe4 Qxe4 21. Red1 d4 22. Rd3 dxe3 23. Rxe3 Qc6 24. Rxe8+ Rxe8 25. Qd3 Qe4 26. Qxe4 Rxe4 27. Kg2 Kf8 28. f4 Ke7 29. Kf3 Rd4 30. Ke3 Rc4 31. Kd3 c5 32. Re1+ Kd7 33. Re4 cxb4 34. axb4 Rxe4 35. Kxe4 Ke6 36. g4 g5 37. f5+ Kd6 38. h3 Kc6 39. Kd3 Kd5 40. c3 Ke5 41. Ke3 1/2-1/2

[Event "Gyor Amateur op 11th"]
[Site "Gyor"]
[Date "2018.01.07"]
[Round "5"]
[White "Petrecz, Akos"]
[Black "Bindics, Krisztian"]
[Result "1/2-1/2"]
[WhiteElo "1288"]
[BlackElo "1149"]
[PlyCount "64"]
[EventDate "2018.01.06"]
[EventType "swiss"]
[EventRounds "6"]
[EventCountry "HUN"]
[SourceTitle "EXT 2019"]
[Source "ChessBase"]
[SourceDate "2018.10.10"]
[SourceVersion "1"]
[SourceVersionDate "2018.10.10"]
[SourceQuality "1"]

1. e4 e5 2. Nf3 Nf6 3. Nc3 Nc6 4. Bc4 Bb4 5. d3 Bxc3+ 6. bxc3 d5 7. exd5 Nxd5 8. Bd2 0-0 9. 0-0 Nde7 10. h3 Kh8 11. Re1 Ng6 12. Rb1 b6 13. Bc1 f6 14. a3 Re8 15. Bf7 Nf4 16. Bxe8 Qxe8 17. Bd2 Nxh3+ 18. gxh3 Bxh3 19. Nh4 g5 20. Qf3 Qe6 21. Ng2 g4 22. Qe4 Rg8 23. Nf4 Qe8 24. Nxh3 gxh3+ 25. Kf1 Qh5 26. Qxc6 h2 27. Qh1 f5 28. f3 Rg1+ 29. Qxg1 hxg1Q+ 30. Kxg1 Qxf3 31. Be3 h5 32. Bf2 h4 1/2-1/2

[Event "Gyor Amateur op 11th"]
[Site "Gyor"]
[Date "2018.01.06"]
[Round "3"]
[White "Petrecz, Akos"]
[Black "Marosvari, Gergo"]
[Result "1/2-1/2"]
[WhiteElo "1288"]
[BlackElo "1285"]
[PlyCount "92"]
[EventDate "2018.01.06"]
[EventType "swiss"]
[EventRounds "6"]
[EventCountry "HUN"]
[SourceTitle "EXT 2019"]
[Source "ChessBase"]
[SourceDate "2018.10.10"]
[SourceVersion "1"]
[SourceVersionDate "2018.10.10"]
[SourceQuality "1"]

1. e4 e6 2. d4 d5 3. exd5 exd5 4. Nc3 Nf6 5. Nf3 Bg4 6. h3 Bh5 7. Be2 Be7 8. 0-0 0-0 9. Bf4 c6 10. Qd2 Bd6 11. Bxd6 Qxd6 12. Nh2 Bxe2 13. Qxe2 Re8 14. Qd2 Nbd7 15. Rae1 h6 16. Rxe8+ Rxe8 17. Re1 Re6 18. Nf3 Qe7 19. Rxe6 Qxe6 20. Qe2 Qxe2 21. Nxe2 Ne4 22. Kf1 Kf8 23. Ke1 Ke7 24. Nd2 Nxd2 25. Kxd2 Nf6 26. f3 Nd7 27. Ng3 g6 28. Ke3 Ke6 29. Kf4 b6 30. h4 a6 31. h5 g5+ 32. Kg4 Nf6+ 33. Kh3 a5 34. Kh2 g4 35. Kg1 gxf3 36. gxf3 Nh7 37. f4 Nf6 38. Kf2 Ne4+ 39. Kf3 Nxg3 40. Kxg3 Kf5 41. Kf3 c5 42. dxc5 bxc5 43. c3 Ke6 44. Ke3 Kd6 45. Kd3 Ke6 46. Ke3 Kf5 1/2-1/2

[Event "HUN-chT4 1718"]
[Site "Hungary"]
[Date "2017.10.28"]
[Round "2.18"]
[White "Nagy, Laszlo4444"]
[Black "Petrecz, Akos"]
[Result "1/2-1/2"]
[WhiteElo "1381"]
[BlackElo "1176"]
[PlyCount "73"]
[EventDate "2017.10.28"]
[EventType "team-tourn"]
[EventRounds "9"]
[EventCountry "HUN"]
[SourceTitle "EXT 2020"]
[Source "ChessBase"]
[SourceDate "2019.10.17"]
[SourceVersion "1"]
[SourceVersionDate "2019.10.17"]
[SourceQuality "1"]

1. e4 d5 2. e5 Bf5 3. d4 e6 4. Nf3 c5 5. c3 Nc6 6. Bb5 Qb6 7. Qa4 Rc8 8. Nh4 Bg6 9. f4 Be7 10. Nxg6 hxg6 11. Nd2 a6 12. Bxc6+ Qxc6 13. Qxc6+ Rxc6 14. Nf3 Nh6 15. Be3 Nf5 16. Kd2 Nxe3 17. Kxe3 Kd7 18. h4 cxd4+ 19. Nxd4 Bc5 20. Rad1 Bxd4+ 21. Rxd4 Ke7 22. g3 Rb6 23. Rb1 Rc8 24. Kd3 Rbc6 25. Rc1 Rc4 26. Rxc4 Rxc4 27. b3 Rc8 28. c4 dxc4+ 29. Rxc4 Rxc4 30. Kxc4 Kd7 31. Kc5 Kc7 32. b4 b6+ 33. Kd4 Kc6 34. a4 Kd7 35. Kc4 Kc7 36. Kd4 Kc6 37. Kc4 1/2-1/2

[Event "HUN-chT4 1718"]
[Site "Hungary"]
[Date "2017.10.28"]
[Round "1.24"]
[White "Petrecz, Akos"]
[Black "Nusser, Gergo"]
[Result "1-0"]
[WhiteElo "1176"]
[BlackElo "1185"]
[PlyCount "107"]
[EventDate "2017.10.28"]
[EventType "team-tourn"]
[EventRounds "9"]
[EventCountry "HUN"]
[SourceTitle "EXT 2020"]
[Source "ChessBase"]
[SourceDate "2019.10.17"]
[SourceVersion "1"]
[SourceVersionDate "2019.10.17"]
[SourceQuality "1"]

1. e4 e5 2. Nf3 Nc6 3. d4 exd4 4. Nxd4 Bc5 5. Nxc6 bxc6 6. Nc3 Bb7 7. Bc4 d6 8. 0-0 Nf6 9. Kh1 0-0 10. f3 h6 11. Bf4 Re8 12. Re1 Nd7 13. Qd2 Qf6 14. Be3 Bxe3 15. Rxe3 Ne5 16. Bb3 Rad8 17. Ree1 Rd7 18. Qf2 Red8 19. Rad1 d5 20. exd5 cxd5 21. Qd4 Re8 22. Qf2 c6 23. Qg3 Rdd8 24. Ne2 Ba6 25. Nd4 Bb7 26. c3 c5 27. Ne2 Qf5 28. Qf4 Qg6 29. Qg3 Qf6 30. Nf4 c4 31. Bc2 Kh8 32. Nh5 Qg5 33. Qxg5 hxg5 34. Ng3 g6 35. Ne2 Rd6 36. Nd4 Kg7 37. Kg1 a6 38. h4 f6 39. h5 gxh5 40. Nf5+ Kg6 41. Nxd6+ Kh6 42. Nxe8 Ng6 43. Bxg6 Kxg6 44. Re7 Bc6 45. g4 h4 46. Rde1 h3 47. R1e6 h2+ 48. Kxh2 Bxe8 49. Rxe8 a5 50. R6e7 a4 51. Rg8+ Kh6 52. Rgg7 a3 53. Rh7+ Kg6 54. Reg7# 1-0

[Event "Balassi Amateur op 2nd"]
[Site "Janossomorja"]
[Date "2017.08.26"]
[Round "1"]
[White "Kiraly, Barnabas"]
[Black "Petrecz, Akos"]
[Result "1/2-1/2"]
[WhiteElo "1732"]
[BlackElo "1106"]
[PlyCount "130"]
[EventDate "2017.08.26"]
[EventType "swiss"]
[EventRounds "7"]
[EventCountry "HUN"]
[SourceTitle "EXT 2019"]
[Source "ChessBase"]
[SourceDate "2018.10.10"]
[SourceVersion "1"]
[SourceVersionDate "2018.10.10"]
[SourceQuality "1"]

1. e4 d5 2. exd5 Nf6 3. Nf3 Nxd5 4. d4 e6 5. c4 Nf6 6. Nc3 Bb4 7. Bg5 h6 8. Bh4 0-0 9. Qb3 Be7 10. Be2 Nbd7 11. 0-0 b6 12. Bg3 Bb7 13. Nb5 c5 14. Nd6 Be4 15. Nxe4 Nxe4 16. Rad1 Nxg3 17. hxg3 Qc7 18. d5 exd5 19. cxd5 Bd6 20. Bb5 Rad8 21. Qa4 f5 22. Rfe1 Nf6 23. Nh4 Nh7 24. Ng6 Rf6 25. Nf4 Bxf4 26. Qxf4 Qxf4 27. gxf4 Nf8 28. a4 Ng6 29. g3 Rfd6 30. Bc4 Kf7 31. Rd3 Ne7 32. Kg2 Kf6 33. Re5 g5 34. Kf3 Ng6 35. Rde3 g4+ 36. Ke2 h5 37. Re6+ Kf7 38. R6e5 Nxe5 39. fxe5 Rxd5 40. e6+ Ke7 41. Kf1 Rd4 42. b3 Rxc4 43. bxc4 Rd6 44. Re5 Rxe6 45. Rxf5 Rh6 46. Ke2 Ke6 47. Rg5 Rh7 48. Ke3 Kf6 49. Kf4 Rh6 50. Rd5 Kg6 51. Rd6+ Kg7 52. Rxh6 Kxh6 53. Kf5 a6 54. Kf6 h4 55. gxh4 Kh5 56. Kf5 Kxh4 57. Kg6 g3 58. fxg3+ Kxg3 59. Kf5 Kf3 60. Ke5 Ke3 61. Kd5 Kd3 62. a5 bxa5 63. Kxc5 a4 64. Kb4 a3 65. Kxa3 Kxc4 1/2-1/2

[Event "Gyor Cohtec U15 op 2nd"]
[Site "Gyor"]
[Date "2017.05.21"]
[Round "8"]
[White "Jonas, Benedek Gabor"]
[Black "Petrecz, Akos"]
[Result "1-0"]
[WhiteElo "1420"]
[BlackElo "1123"]
[PlyCount "29"]
[EventDate "2017.05.19"]
[EventType "swiss"]
[EventRounds "9"]
[EventCountry "HUN"]
[SourceTitle "EXT 2018"]
[Source "ChessBase"]
[SourceDate "2017.10.13"]
[SourceVersion "1"]
[SourceVersionDate "2017.10.13"]
[SourceQuality "1"]

1. e4 d5 2. exd5 Nf6 3. Nc3 Nxd5 4. Nxd5 Qxd5 5. d4 Nc6 6. Nf3 Bg4 7. Be2 Bxf3 8. Bxf3 Qxd4 9. Bxc6+ bxc6 10. Qxd4 e6 11. Bf4 Rc8 12. 0-0-0 Be7 13. Qd7+ Kf8 14. Qxc8+ Bd8 15. Qxd8# 1-0